Dobrý rádce /

Hlavní autor: Jarušek, Karel, 1877-1944
Jazyk: Čeština
Vydáno: V Praze : Českomoravské podniky tiskařské a vydavatelské, 1930
Témata:
Fyzický popis: 16, xvi, 176 s.
Knihy
Uloženo v:
LEADER 00851nam a22002412a 4500
001 001109201
003 CZ BrMZK
005 20110210091910.0
007 ta
008 100808s1930 xr er|||||||||||cze d
040 |a ABA009  |b cze  |d BOA001 
072 7 |a 33  |x Ekonomie  |2 Konspekt  |9 4 
080 |a 330  |2 MRF 
100 1 |a Jarušek, Karel,  |d 1877-1944  |7 jk01051289  |4 aut 
245 1 0 |a Dobrý rádce /  |c za pomoci svých přátel, kteří zde povědí něco o reklamě, uspořádal K. Jarušek 
260 |a V Praze :  |b Českomoravské podniky tiskařské a vydavatelské,  |c 1930 
300 |a 16, xvi, 176 s. 
650 0 7 |a obchod  |7 ph115513  |2 czenas 
650 0 7 |a reklama a propagace  |7 ph116035  |2 czenas 
910 |a BOA001  |b 1-0243.696 
990 |a BK 
991 |b 201008 
996 6 |b 2619371141  |c 1-0243.696  |l MZK  |r Sklad / do 1 hodiny  |n 4  |w 001136561  |u 000010  |a 1  |e BOA001  |j MZK50  |s P